Crimes against women in India : (Record no. 88996)

MARC details
000 -LEADER
fixed length control field 00588nam a22001937a 4500
005 - DATE AND TIME OF LATEST TRANSACTION
control field 20141007121013.0
010 ## - LCCN (DPL NO)
LC control number ENG-110968
020 ## - INTERNATIONAL STANDARD BOOK NUMBER
International Standard Book Number 9788184302684
Terms of availability 300.00
035 ## - SYSTEM CONTROL NUMBER
System control number EN-94500
037 ## - SOURCE OF ACQUISITION
Source of stock number/acquisition DBAD/PUB
082 ## - DEWEY DECIMAL CLASSIFICATION NUMBER
Classification number 362.880820954
100 ## - MAIN ENTRY--PERSONAL NAME
Personal name Mehrotra, Mamta
245 ## - TITLE STATEMENT
Title Crimes against women in India :
Statement of responsibility, etc by Mamta Mehrotra
Remainder of title a study /
260 ## - PUBLICATION, DISTRIBUTION, ETC. (IMPRINT)
Place of publication, distribution, etc New Delhi
Name of publisher, distributor, etc Ocean Books
Date of publication, distribution, etc 2014
270 ## - ADDRESS
Address 4/19, Asaf Ali Road
City New Delhi
Postal code 110002
300 ## - PHYSICAL DESCRIPTION
Extent 216p.
Dimensions 22cm(Hb)
500 ## - GENERAL NOTE
General note Includes bibliographical references
942 ## - ADDED ENTRY ELEMENTS (KOHA)
Source of classification or shelving scheme Dewey Decimal Classification
Item type English Books
Call number suffix MEH
Classification part 362.880820954
Holdings
Withdrawn status Lost status Not for loan Collection code Home library Current library Date acquired Source of acquisition Cost, normal purchase price Full call number Barcode Copy number Cost, replacement price Koha item type
    Not For Loan Non-fiction D.B.Act.Division D.B.Act.Division 29/09/2014 DBAD/PUB 300.00 362.880820954 MEH EN-94500 1 300.00 English Books

© Delhi Public Library
Hit Counter
free hit counter